[Event "95th Caplin Hastings Congress"]
[Site "Hastings"]
[Date "2020.01.03"]
[Round "7.14"]
[White "Sucikova, Svetlana"]
[Black "Cherniaev, Alexander"]
[Result "1/2-1/2"]
[WhiteElo "2160"]
[BlackElo "2427"]
[Annotator "TA"]
[PlyCount "135"]
[EventDate "2019.12.28"]
[EventType "swiss"]
[EventCountry "ENG"]
[SourceTitle "playchess.com"]
[Source "ChessBase"]
[SourceQuality "1"]

{[%evp 9,135,11,28,0,7,-25,31,-28,31,22,29,27,33,25,30,25,34,28,45,1,30,0,4,0,21,10,17,19,14,7,23,0,0,0,3,0,0,0,0,-7,0,0,25,7,0,-64,-66,-168,-176,-179,-164,-238,-222,-241,0,-212,-202,-236,-236,-243,-232,-250,-241,-240,-236,-232,-248,-237,-175,-326,-223,-295,-253,-253,-253,-294,-249,-265,-245,-371,-379,-666,-329,-762,-411,-1282,-420,-383,-315,-341,-342,-853,-294,-282,0,0,65,-298,-269,-262,-271,-251,0,0,21,21,23,21,24,20,42,0,7,0,0,0,5,0,0,0,33,0,0,0,0,-162,156,0]} 1. c4 e6 2. g3 d5 3. Bg2 g6 4. Nf3 Bg7 5. O-O Ne7 6. e3 {A13: English Opening: 1...e6} (6. d3 O-O 7. Nc3 Nbc6 8. cxd5 exd5 9. Bf4 Bg4 10. h3 Bxf3 11. Bxf3 Nd4 12. Bg2 c6 13. Rc1 Re8 14. Bd2 {½-½ (36) Romanov,E (2610)-Rakhmanov,A (2670) Sochi 2017}) 6... O-O 7. Qe2 Nbc6 (7... e5 $11) 8. Nc3 (8. d4 $14) 8... a5 (8... dxc4 $11 9. Qxc4 e5) 9. d4 $14 b6 10. b3 Ba6 $146 ({Predecessor:} 10... Re8 11. Rd1 Bb7 12. Bb2 Nf5 13. Rac1 h5 14. Nb5 Re7 15. Ne5 Nxe5 16. dxe5 {1-0 (34) Hevia Alejano,C (2486)-Santarius,E (2398) Greensboro 2018}) 11. Bb2 Nf5 12. Rfd1 Nd6 {[%cal Rd5c4]} 13. Nd2 Ne7 14. Qe1 {[%cal Rc4d5]} c6 {[%cal Rd5c4]} 15. cxd5 exd5 16. Rac1 Bc8 17. Na4 Rb8 18. Nf3 f6 19. Ba3 Be6 20. Nb2 Qd7 21. Nd3 g5 22. Nd2 Rfe8 23. Qf1 Ng6 24. Re1 h5 25. f4 {Threatens to win with Bxd6.} Nb5 26. Bb2 g4 27. f5 (27. a4 $11 Nd6 28. Nf2) 27... Bxf5 $15 28. Nf4 ({Better is} 28. Rxc6 $15 Bxd3 29. Qxd3 {[%mdl 64] Double Attack} Qxc6 30. Qxg6) 28... Nxf4 $19 29. Qxf4 Bg6 30. Kh1 (30. e4 $142) 30... Nd6 31. Ba3 Nb5 32. Bb2 f5 33. a4 Nd6 34. Ba3 Nf7 35. Nf1 Bh6 36. Qf2 Re6 37. Rc3 Rbe8 38. Rec1 Kg7 39. Qe2 $2 (39. b4 {was worth a try.}) 39... Bg5 40. Qa6 Rb8 41. Kg1 h4 42. Rd1 hxg3 43. hxg3 Bf6 44. Rcc1 (44. Rd2 $142) 44... Ng5 45. Bb2 $2 {[#]} (45. Qe2) 45... Qe7 (45... f4 $142 $1 {[%mdl 512]} 46. gxf4 (46. exf4 Nf3+) 46... Nf3+ 47. Bxf3 gxf3) 46. Bc3 $2 (46. Ba3 Qc7 47. Qe2) 46... Rxe3 47. Bd2 (47. Re1 $142 Rxe1 48. Rxe1) 47... Re6 (47... Re2 $142 48. Bxg5 Bxg5) 48. Bf4 Qb7 49. Qd3 Rbe8 50. Ne3 $2 {[#]} (50. Rd2) 50... Ne4 $2 (50... Rxe3 $1 51. Qxe3 Rxe3 52. Bxe3 Qd7) 51. Nxd5 Bd8 $2 (51... cxd5 $19 52. Rc7+ Qxc7 $1 {[%mdl 512]} 53. Bxc7 f4 $1 {[%mdl 512]} 54. gxf4 (54. Bxf4 $2 Nf2 $19 {[%mdl 64] Double Attack, Discovered Attack}) 54... Nf2 $1 {[%mdl 576] Double Attack, Discovered Attack} 55. Qxg6+ Kxg6 56. Kxf2 Rc6) 52. Nc3 $1 $11 Bf6 (52... Be7 $11) 53. Nd5 $2 {[%mdl 8192]} (53. d5 $1 $14 {stays ahead.} Re5 54. Bxe5 Rxe5 55. Nxe4 fxe4 56. dxc6 Qxc6 57. Qd2 (57. Rxc6 exd3 58. Rxb6 Re2 $11)) 53... cxd5 $19 54. Rc7+ {[#]} Qxc7 $1 55. Bxc7 {[#]} Rc6 $2 (55... f4 $1 $19 {[%mdl 512]} 56. gxf4 {[#]} (56. Bxf4 $2 Nf2 $19 {[%mdl 64] Double Attack, Discovered Attack}) 56... Nf2 $1 {[%mdl 512]}) 56. Be5 $1 $11 Bxe5 57. dxe5 Rxe5 58. Qd4 Rce6 59. Bxe4 fxe4 60. Rc1 (60. Qc3 $5 {[%cal Rd1d5]}) 60... e3 61. Rc7+ Kg8 {Strongly threatening ...e2.} 62. Rc8+ Kg7 63. Rc7+ Kg8 {...e2 is the strong threat.} 64. Rc8+ Kg7 65. Qf4 {[%mdl 1024] White wants to mate with Qf8+. White has compensation.} Rf5 $1 {[%cal Rf5f4]} 66. Rc7+ Kf6 67. Qh6 $2 (67. Qd4+ $11 {and White is okay.} Kg5 68. Rc1) 67... Rfe5 $2 (67... Rf3 $19 68. Qh8+ Kf5) 68. Qf4+ $2 {Accuracy: White = 35%, Black = 48%.} (68. Rg7 $16 {[%csl Gg7][%cal Rh6g6]} Rg5 69. Qh8) 1/2-1/2

[Event "95th Caplin Hastings Congress"]
[Site "Hastings"]
[Date "2020.01.03"]
[Round "7.15"]
[White "Howell, David W L"]
[Black "Graham, David B"]
[Result "1-0"]
[WhiteElo "2679"]
[BlackElo "2152"]
[Annotator "TA"]
[PlyCount "79"]
[EventDate "2019.12.28"]
[EventType "swiss"]
[EventCountry "ENG"]
[SourceTitle "playchess.com"]
[Source "ChessBase"]
[SourceQuality "1"]

{[%evp 10,79,17,0,43,51,49,56,70,42,45,35,45,42,45,37,65,64,65,58,73,59,128,98,133,104,104,112,220,241,231,218,226,193,366,370,351,345,435,462,512,502,543,544,533,544,546,533,532,530,552,411,550,527,768,778,1260,845,841,824,1027,989,1062,1061,1012,1004,996,966,29988,29989,29989,29990]} 1. g3 g6 2. Bg2 Bg7 3. d4 d6 4. e4 Nf6 5. Ne2 O-O 6. O-O Nc6 {B06: Modern Defence} (6... c6 7. c4 e5 8. d5 cxd5 9. cxd5 Na6 10. Nbc3 Bd7 11. a3 Nc7 12. h3 Nb5 13. Be3 Nxc3 14. Nxc3 b5 {1-0 (55) Milov,V (2622)-Mchedlishvili,M (2632) Dubai 2014}) 7. c4 e5 8. d5 Na5 {White is slightly better.} 9. Qa4 $146 ({Predecessor:} 9. Nd2 c5 10. a3 Qc7 11. Qc2 Bh6 12. f4 Ng4 13. Nb3 Nxb3 14. Qxb3 exf4 15. gxf4 {1-0 (34) Lujan,C (2394)-Llanos Lopez,W (2156) Callao 2007}) 9... b6 10. b4 Bd7 ({Of course not} 10... Nxc4 $6 11. Qb5 $16) 11. Qc2 Nb7 12. Bb2 Nh5 13. Nd2 f5 14. exf5 $1 gxf5 15. f4 Qe8 (15... e4 $14) 16. Rae1 a5 17. a3 axb4 18. axb4 c5 (18... e4 $16) 19. dxc6 $1 $18 Bxc6 20. Bxc6 Qxc6 21. fxe5 Qa4 $2 {[#]} ({Much weaker is} 21... Ra2 22. Nd4 $18) (21... dxe5 22. Rxf5 Rxf5 23. Qxf5 {[%mdl 64] Double Attack} Qh6) 22. Qxa4 $1 Rxa4 23. Nc3 Ra7 24. e6 Bd4+ 25. Kg2 Ng7 26. Nb5 Bxb2 27. Nxa7 Bc3 28. Rf2 Bxb4 29. Nc6 Bc5 30. Ne7+ Kh8 31. Rfe2 Ra8 32. Nd5 Ra2 33. Nf3 Rxe2+ 34. Rxe2 Ne8 35. Nh4 Na5 36. Nxf5 Nxc4 37. Ra2 {[#] Threatening mate with Ra8!} Na5 38. Ra4 Kg8 39. Rg4+ Kf8 40. Nh6 {Accuracy: White = 90%, Black = 29%.} 1-0

[Event "95th Caplin Hastings Congress"]
[Site "Hastings"]
[Date "2020.01.03"]
[Round "7.16"]
[White "Gormally, Daniel W"]
[Black "Eames, Robert S"]
[Result "1-0"]
[WhiteElo "2508"]
[BlackElo "2150"]
[Annotator "ChessBase"]
[PlyCount "87"]
[EventDate "2019.12.28"]
[EventType "swiss"]
[EventCountry "ENG"]
[SourceTitle "playchess.com"]
[Source "ChessBase"]
[SourceQuality "1"]
[TimeControl "40/6600+30:3000+30"]

1. d4 {[%emt 0:09:36]} Nf6 {[%emt 0:09:41]} 2. Nf3 {[%emt 0:00:04]} d5 {[%emt 0:00:11]} 3. c4 {[%emt 0:00:07]} e6 {[%emt 0:00:39]} 4. g3 {[%emt 0:00:06]} dxc4 {[%emt 0:00:13]} 5. Bg2 {[%emt 0:00:04]} Bb4+ {[%emt 0:00:11]} 6. Nc3 {[%emt 0:00:06]} O-O {[%emt 0:01:44]} 7. O-O {[%emt 0:00:08]} Nc6 {[%emt 0:00:43]} 8. Bg5 {[%emt 0:00:26]} Rb8 {[%emt 0:03:37]} 9. e3 {[%emt 0:04:34]} b5 {[%emt 0:08:47]} 10. a4 {[%emt 0:00:40]} Bxc3 {[%emt 0:03:21]} 11. bxc3 {[%emt 0:01:47]} b4 {[%emt 0:00:15]} 12. Nd2 {[%emt 0:08:41]} Na5 {[%emt 0:00:57]} 13. cxb4 {[%emt 0:06:25]} Rxb4 {[%emt 0:01:53]} 14. Ne4 {[%emt 0:02:36]} Bb7 {[%emt 0:02:54]} 15. Nxf6+ {[%emt 0:06:45]} gxf6 {[%emt 0:00:07]} 16. Bh6 {[%emt 0:00:02]} f5 {[%emt 0:05:55]} 17. e4 {[%emt 0:13:23]} Nb3 {[%emt 0:11:52]} 18. d5 {[%emt 0:06:59]} Qf6 {[%emt 0:10:49]} 19. Bxf8 {[%emt 0:01:35]} Kxf8 {[%emt 0:00:07]} 20. Qe1 {[%emt 0:07:20]} a5 {[%emt 0:04:04]} 21. e5 {[%emt 0:06:31]} Qe7 {[%emt 0:07:54]} 22. Rd1 {[%emt 0:03:47]} exd5 {[%emt 0:01:33]} 23. Bxd5 {[%emt 0:00:22]} c5 {[%emt 0:01:53]} 24. Bxb7 {[%emt 0:03:57]} Qxb7 {[%emt 0:00:59]} 25. Qe3 {[%emt 0:10:39]} Nd4 {[%emt 0:02:05]} 26. Rxd4 {[%emt 0:00:42]} cxd4 {[%emt 0:00:09]} 27. Qxd4 {[%emt 0:00:04]} Qb6 {[%emt 0:02:25]} 28. Qd7 {[%emt 0:01:52]} f4 {[%emt 0:06:24]} 29. e6 {[%emt 0:05:25]} Qxe6 {[%emt 0:03:35]} 30. Qd8+ {[%emt 0:02:40]} Qe8 {[%emt 0:00:43]} 31. Qf6 {[%emt 0:01:45]} Qe2 {[%emt 0:05:17]} 32. Qd8+ {[%emt 0:05:09]} Qe8 {[%emt 0:00:17]} 33. Qxa5 {[%emt 0:00:06]} Rxa4 {[%emt 0:00:35]} 34. Qc5+ {[%emt 0:01:31]} Qe7 {[%emt 0:00:59]} 35. Qd4 {[%emt 0:00:23]} Qe2 {[%emt 0:04:55]} 36. Qh8+ {[%emt 0:00:55]} Ke7 {[%emt 0:00:05]} 37. Qc3 {[%emt 0:00:55]} fxg3 {[%emt 0:03:23]} 38. hxg3 {[%emt 0:00:06]} Kd7 {[%emt 0:00:47]} 39. Re1 {[%emt 0:00:55]} Qd3 {[%emt 0:00:29]} 40. Qf6 {[%emt 0:02:08]} Qd5 {[%emt 0:06:01]} 41. Re7+ {[%emt 0:50:38]} Kc8 {[%emt 0:50:06]} 42. Qh8+ {[%emt 0:00:15]} Qd8 {[%emt 0:00:05]} 43. Re8 {[%emt 0:00:05]} Ra1+ {[%emt 0:00:03]} 44. Kg2 {[%emt 0:00:07]} 1-0

[Event "95th Caplin Hastings Congress"]
[Site "Hastings"]
[Date "2020.01.03"]
[Round "7.17"]
[White "Gallagher, Daniel GH"]
[Black "Swayams, Mishra"]
[Result "0-1"]
[WhiteElo "2171"]
[BlackElo "2479"]
[Annotator "TA"]
[PlyCount "66"]
[EventDate "2019.12.28"]
[EventType "swiss"]
[EventCountry "ENG"]
[SourceTitle "playchess.com"]
[Source "ChessBase"]
[SourceQuality "1"]

{[%evp 17,66,25,16,21,34,0,0,0,0,0,0,0,0,-57,-53,-49,-66,-58,-52,-43,-28,-97,-89,-195,-194,-199,-165,-166,-128,-131,-137,-130,-91,-148,-158,-177,-158,-155,-150,-252,-252,-247,-188,-309,-304,-335,-332,-426,-335,-758,-737]} 1. e4 e6 2. d4 d5 3. Nd2 c5 4. Ngf3 Nf6 5. e5 Nfd7 6. c3 Nc6 7. Bd3 Be7 8. O-O g5 9. dxc5 g4 10. Nd4 {C06: French Tarrasch: 3...Nf6 4 e5 Nfd7 5 Bd3 main lines} Ndxe5 (10... Ncxe5 11. N2b3 Nxc5 12. Bc2 h5 13. Qe2 Nc6 14. Bf4 Nxb3 15. Nxc6 bxc6 16. axb3 Bd6 17. Bxd6 Qxd6 {1-0 (61) Safarli,E (2691)-Fodor,T (2494) London 2016}) 11. N2b3 Nxd3 12. Qxd3 {The position is equal.} e5 13. Nxc6 bxc6 14. Bh6 f6 15. Rfe1 (15. Bg7 $11 e4 16. Qg3) 15... Kf7 $15 16. c4 $146 ({Predecessor:} 16. f4 e4 17. Qg3 Kg6 {0-1 (43) Findlay,I (2248)-Panchanatham,V (2381) Las Vegas 2016}) 16... Be6 17. cxd5 Qxd5 18. Qe2 Rhd8 19. Rad1 (19. Na5 $11 {remains equal.}) 19... Qc4 $17 20. Qe3 {[#]} (20. Qxc4 $17 Bxc4 21. Rxd8 Rxd8 22. Na5) 20... Rxd1 $1 $19 21. Rxd1 a5 {[%cal Ba7a5,Ba5a4][%mdl 32]} 22. Rc1 Qd5 23. Qc3 a4 24. Na5 Bf5 25. Be3 (25. Qb4 $142) 25... Be4 $17 26. Nc4 Rd8 ({Worse is} 26... Bxc5 27. Qe1 $11) 27. Nb6 Qxa2 28. Qc4+ (28. Qb4 $17 {was worth a try.} Qb3 29. Qxa4 Qxa4 30. Nxa4) 28... Qxc4 $19 29. Nxc4 Bd5 {Hoping for ...Bxc4.} 30. Nb6 (30. Nd6+ {was necessary.} Ke6 31. Bd2) 30... Bb3 31. Kf1 f5 {aiming for ...f4.} 32. g3 Bf6 {Threatens to win with ...f4!} 33. Ke2 $2 {[#]} (33. Rb1) 33... f4 $1 {[%mdl 512] Accuracy: White = 34%, Black = 71%.} 0-1

[Event "95th Caplin Hastings Congress"]
[Site "Hastings"]
[Date "2020.01.03"]
[Round "7.18"]
[White "Gutierrez Carmona, Juan Alejandr"]
[Black "Vaishali R"]
[Result "1/2-1/2"]
[WhiteElo "2153"]
[BlackElo "2386"]
[Annotator "NA"]
[PlyCount "67"]
[EventDate "2019.12.28"]
[EventType "swiss"]
[EventCountry "ENG"]
[SourceTitle "playchess.com"]
[Source "ChessBase"]
[SourceQuality "1"]
[TimeControl "40/6600+30:3000+30"]

1. e4 {[%emt 0:11:50]} c5 {[%emt 0:09:55]} 2. Nf3 {[%emt 0:01:10]} e6 {[%emt 0:00:04]} 3. Nc3 {[%emt 0:00:42]} a6 {[%emt 0:00:23]} 4. a4 {[%emt 0:06:48]} Qc7 {[%emt 0:01:36]} 5. g3 {[%emt 0:01:07]} b6 {[%emt 0:04:01]} 6. Bg2 {[%emt 0:01:24]} Bb7 {[%emt 0:00:05]} 7. O-O {[%emt 0:01:29]} d6 {[%emt 0:02:29]} 8. Re1 {[%emt 0:05:31]} Nf6 {[%emt 0:01:01]} 9. d4 {[%emt 0:07:50]} cxd4 {[%emt 0:02:54]} 10. Nxd4 {[%emt 0:05:34]} Be7 {[%emt 0:00:00]} 11. h3 {[%emt 0:08:19]} O-O {[%emt 0:09:30]} 12. g4 {[%emt 0:00:28]} Nc6 {[%emt 0:11:09]} 13. Nxc6 {[%emt 0:04:20]} Bxc6 {[%emt 0:00:31]} 14. f4 {[%emt 0:00:15]} d5 {[%emt 0:05:11]} 15. e5 {[%emt 0:06:26]} Ne4 {[%emt 0:01:26]} 16. Nxe4 {[%emt 0:05:07]} dxe4 {[%emt 0:00:04]} 17. Bxe4 {[%emt 0:08:41]} Rfd8 {[%emt 0:00:31]} 18. Qf3 {[%emt 0:03:45]} Rac8 {[%emt 0:07:47]} 19. c3 {[%emt 0:04:16]} Bc5+ {[%emt 0:13:30]} 20. Kg2 {[%emt 0:09:24]} Bxe4 {[%emt 0:06:24]} 21. Qxe4 {[%emt 0:00:17]} b5 {[%emt 0:00:27]} 22. axb5 {[%emt 0:04:28]} axb5 {[%emt 0:00:03]} 23. Be3 {[%emt 0:03:19]} b4 {[%emt 0:07:18]} 24. cxb4 {[%emt 0:01:15]} Bxe3 {[%emt 0:00:42]} 25. Rxe3 {[%emt 0:00:26]} Rd2+ {[%emt 0:02:02]} 26. Re2 {[%emt 0:01:52]} Rxe2+ 27. Qxe2 {[%emt 0:00:01]} Qb7+ {[%emt 0:00:14]} 28. Qf3 {[%emt 0:03:29]} Qxb4 {[%emt 0:00:06]} 29. b3 {[%emt 0:01:05]} h5 {[%emt 0:01:58]} 30. Ra8 {[%emt 0:00:43]} Qd2+ {[%emt 0:01:06]} 31. Kh1 {[%emt 0:01:34]} Qc1+ {[%emt 0:00:36]} 32. Kg2 {[%emt 0:00:12]} Qd2+ {[%emt 0:00:29]} 33. Kh1 {[%emt 0:00:08]} Qe1+ {[%emt 0:00:05]} 34. Kg2 {[%emt 0:00:08]} 1/2-1/2

[Event "95th Caplin Hastings Congress"]
[Site "Hastings"]
[Date "2020.01.03"]
[Round "7.19"]
[White "Balaji, Aaravamudhan"]
[Black "Rudd, Jack"]
[Result "1-0"]
[WhiteElo "2095"]
[BlackElo "2331"]
[Annotator "TA"]
[PlyCount "67"]
[EventDate "2019.12.28"]
[EventType "swiss"]
[EventCountry "ENG"]
[SourceTitle "playchess.com"]
[Source "ChessBase"]
[SourceQuality "1"]

{[%evp 12,66,53,50,105,105,126,116,115,125,129,119,125,115,229,150,304,320,311,218,216,195,227,144,160,20,248,244,278,243,311,282,420,351,444,193,521,526,510,506,549,542,613,574,1068,1033,4909,5339,29988,29989,29989,29990,29990,29991,29996,29997,29999]} 1. d4 Nf6 2. c4 g6 3. Nc3 Bg7 4. e4 d6 5. Be2 O-O 6. Be3 e5 7. d5 c5 {E73: King's Indian: Averbakh Variation without 6...c5} ({Better is} 7... Na6 $14) (7... Na6 8. h4 Nc5 9. Qc2 c6 10. h5 cxd5 11. cxd5 Qa5 12. h6 Bh8 13. f3 Bd7 14. Rb1 Na4 15. Qd2 Nxc3 16. bxc3 {½-½ (49) Eljanov,P (2676)-Demchenko,A (2679) Germany 2019}) 8. g4 $16 Na6 9. g5 $146 ({Predecessor:} 9. h4 Nc7 10. h5 a6 11. a4 Bd7 12. hxg6 fxg6 13. g5 Nfe8 14. a5 Rb8 {1-0 (59) Madorsky,F (2049)-Moiseev,V (2415) Riazan 2007}) 9... Ne8 {White is better.} 10. h4 f5 11. gxf6 $1 Nxf6 (11... Qxf6 $6 12. Qd2 $14) 12. h5 Qb6 (12... gxh5 $16 13. Bxh5 Qa5) 13. Qd2 Ng4 $2 ({Much worse is} 13... gxh5 $6 14. O-O-O $11) (13... Nxh5 $16 14. Bxh5 gxh5) 14. hxg6 $18 hxg6 15. Bxg4 Bxg4 {[#]} 16. Nge2 $1 Nb4 17. O-O-O Qa6 18. b3 {[#]} ({White should try} 18. Rdg1 $16 Bf3 19. Rh4 Nxa2+ 20. Nxa2 Qxa2 21. Rxg6 Qa1+ 22. Kc2 Qa4+ 23. Kd3 (23. Kb1 Rf4 $14) 23... Bxe2+ 24. Kxe2) 18... b5 $2 (18... Nxa2+ $1 $11 {[%mdl 512] and Black is okay.} 19. Nxa2 Qa3+ {[%mdl 64] Double Attack} 20. Kb1 Qxb3+ {[%mdl 64] Double Attack} 21. Ka1 Qxc4) 19. cxb5 Qa5 20. Kb2 c4 21. bxc4 Rfc8 (21... Bf3 $142 22. a3 Rac8) 22. c5 dxc5 23. a3 (23. Rdg1 $142 Bf3 24. Rh4) 23... c4 $2 (23... a6 {is more resistant.}) 24. axb4 Qxb4+ 25. Ka1 Bxe2 26. Nxe2 c3 27. Qa2 Qxe4 28. d6+ Kf8 29. d7 Rc4 30. d8=Q+ {White mates.} Rxd8 31. Rxd8+ Ke7 32. Bg5+ Bf6 33. Qxa7+ Kxd8 34. Rh8# {Accuracy: White = 62%, Black =  5%.} 1-0

[Event "95th Caplin Hastings Congress"]
[Site "Hastings"]
[Date "2020.01.03"]
[Round "7.20"]
[White "Lehaci, Miruna-Daria"]
[Black "Pekin, Tolgay"]
[Result "1-0"]
[WhiteElo "2214"]
[BlackElo "2080"]
[Annotator "NA"]
[PlyCount "67"]
[EventDate "2019.12.28"]
[EventType "swiss"]
[EventCountry "ENG"]
[SourceTitle "playchess.com"]
[Source "ChessBase"]
[SourceQuality "1"]
[TimeControl "40/6600+30:3000+30"]

1. e4 {[%emt 0:13:23]} d5 {[%emt 0:15:08]} 2. exd5 {[%emt 0:00:07]} Qxd5 {[%emt 0:00:07]} 3. Nc3 {[%emt 0:02:48]} Qd6 {[%emt 0:00:57]} 4. d4 {[%emt 0:00:20]} Nf6 {[%emt 0:00:14]} 5. Nf3 {[%emt 0:01:41]} c6 {[%emt 0:01:04]} 6. g3 {[%emt 0:00:31]} Bg4 {[%emt 0:02:20]} 7. Bg2 {[%emt 0:00:16]} e6 {[%emt 0:07:02]} 8. O-O {[%emt 0:00:36]} Qc7 {[%emt 0:05:50]} 9. Rb1 {[%emt 0:05:48]} Nbd7 {[%emt 0:02:22]} 10. b4 {[%emt 0:01:12]} Nd5 {[%emt 0:01:48]} 11. Ne2 {[%emt 0:16:09]} Bxb4 {[%emt 0:33:39]} 12. c4 {[%emt 0:10:18]} Nc3 {[%emt 0:00:52]} 13. Nxc3 {[%emt 0:00:05]} Bxc3 {[%emt 0:00:05]} 14. Rb3 {[%emt 0:13:35]} Ba5 {[%emt 0:05:46]} 15. Bf4 {[%emt 0:01:45]} e5 {[%emt 0:09:44]} 16. dxe5 {[%emt 0:00:40]} Be6 {[%emt 0:00:54]} 17. Rb1 {[%emt 0:14:42]} h6 {[%emt 0:07:06]} 18. Nd4 {[%emt 0:02:57]} Nc5 {[%emt 0:01:48]} 19. Qe2 {[%emt 0:14:41]} g5 {[%emt 0:03:19]} 20. Be3 {[%emt 0:00:59]} Bb6 {[%emt 0:04:14]} 21. f4 {[%emt 0:02:13]} gxf4 {[%emt 0:01:00]} 22. gxf4 {[%emt 0:00:04]} Na4 {[%emt 0:04:02]} 23. Nxe6 {[%emt 0:06:46]} fxe6 {[%emt 0:01:47]} 24. c5 {[%emt 0:02:14]} Nxc5 {[%emt 0:02:53]} 25. Rfd1 {[%emt 0:01:24]} Na4 {[%emt 0:04:31]} 26. Bxb6 {[%emt 0:02:56]} Nxb6 {[%emt 0:00:24]} 27. Rd6 {[%emt 0:00:05]} Qf7 {[%emt 0:01:10]} 28. Qg4 {[%emt 0:01:13]} Ke7 {[%emt 0:00:43]} 29. Qh4+ {[%emt 0:00:13]} Kf8 {[%emt 0:00:38]} 30. Rbd1 {[%emt 0:00:09]} Nd5 {[%emt 0:00:24]} 31. f5 {[%emt 0:00:42]} exf5 {[%emt 0:01:22]} 32. Bxd5 {[%emt 0:00:16]} Qg7+ {[%emt 0:00:23]} 33. Bg2 {[%emt 0:00:09]} Qxe5 {[%emt 0:00:15]} 34. Qb4 {[%emt 0:01:11]} 1-0

[Event "95th Caplin Hastings Congress"]
[Site "Hastings"]
[Date "2020.01.03"]
[Round "7.21"]
[White "Keetman, Maaike"]
[Black "Thorpe, Thomas"]
[Result "1/2-1/2"]
[WhiteElo "2193"]
[BlackElo "1924"]
[Annotator "NA"]
[PlyCount "101"]
[EventDate "2019.12.28"]
[EventType "swiss"]
[EventCountry "ENG"]
[SourceTitle "playchess.com"]
[Source "ChessBase"]
[SourceQuality "1"]
[TimeControl "40/6600+30:3000+30"]

1. e4 {[%emt 0:09:33]} c5 {[%emt 0:09:35]} 2. Nf3 {[%emt 0:00:06]} Nc6 {[%emt 0:00:27]} 3. Bb5 {[%emt 0:00:13]} e6 {[%emt 0:00:46]} 4. O-O {[%emt 0:00:46]} Nge7 {[%emt 0:00:07]} 5. Re1 {[%emt 0:00:14]} a6 {[%emt 0:00:23]} 6. Bf1 {[%emt 0:00:08]} d5 {[%emt 0:00:37]} 7. d3 {[%emt 0:04:03]} f6 {[%emt 0:21:57]} 8. exd5 {[%emt 0:12:26]} Nxd5 {[%emt 0:00:00]} 9. d4 {[%emt 0:03:34]} Be7 {[%emt 0:11:52]} 10. c3 {[%emt 0:14:44]} O-O {[%emt 0:02:35]} 11. Bd3 {[%emt 0:23:14]} f5 {[%emt 0:16:06]} 12. dxc5 {[%emt 0:00:30]} Bxc5 {[%emt 0:00:30]} 13. Ng5 {[%emt 0:03:04]} Qf6 {[%emt 0:07:26]} 14. Qe2 {[%emt 0:07:50]} h6 {[%emt 0:04:29]} 15. Nf3 {[%emt 0:02:34]} Bd6 {[%emt 0:05:21]} 16. Bc4 {[%emt 0:07:53]} Kh8 {[%emt 0:09:38]} 17. Bxd5 {[%emt 0:00:53]} exd5 {[%emt 0:00:00]} 18. Be3 {[%emt 0:00:09]} f4 {[%emt 0:04:27]} 19. Bb6 {[%emt 0:01:15]} Bg4 {[%emt 0:01:46]} 20. Nbd2 {[%emt 0:04:59]} Qg6 {[%emt 0:03:21]} 21. Kh1 {[%emt 0:04:00]} Rae8 {[%emt 0:03:29]} 22. Qf1 {[%emt 0:02:29]} Ne5 {[%emt 0:00:36]} 23. Nxe5 {[%emt 0:00:00]} Bxe5 {[%emt 0:01:00]} 24. Bc5 {[%emt 0:00:00]} Bd6 {[%emt 0:03:27]} 25. Bxd6 {[%emt 0:00:00]} Qxd6 {[%emt 0:00:03]} 26. f3 {[%emt 0:01:00]} Bf5 {[%emt 0:00:41]} 27. Qf2 {[%emt 0:01:02]} d4 {[%emt 0:03:58]} 28. Nc4 {[%emt 0:02:30]} Qd5 {[%emt 0:01:57]} 29. Qxd4 {[%emt 0:00:47]} Qxd4 {[%emt 0:00:33]} 30. cxd4 {[%emt 0:00:06]} Rxe1+ {[%emt 0:03:49]} 31. Rxe1 {[%emt 0:00:45]} Rd8 32. Rd1 {[%emt 0:00:57]} Be6 {[%emt 0:00:52]} 33. b3 {[%emt 0:00:48]} g5 {[%emt 0:01:39]} 34. Kg1 {[%emt 0:01:23]} Kg7 {[%emt 0:00:42]} 35. Kf2 {[%emt 0:01:06]} Kf6 {[%emt 0:01:55]} 36. Ke2 {[%emt 0:00:13]} b5 {[%emt 0:02:22]} 37. Ne5 {[%emt 0:00:39]} Bf5 {[%emt 0:03:37]} 38. Nc6 {[%emt 0:00:43]} Rd6 {[%emt 0:04:20]} 39. Ne5 {[%emt 0:09:15]} Rd8 40. Rd2 {[%emt 0:00:00]} Ke6 41. Kd1 {[%emt 0:25:57]} Rd6 {[%emt 0:02:45]} 42. Kc1 {[%emt 0:00:00]} Kd5 {[%emt 0:02:17]} 43. Kb2 {[%emt 0:02:48]} a5 {[%emt 0:06:32]} 44. Rd1 {[%emt 0:05:17]} Bh7 {[%emt 0:07:50]} 45. Kc3 {[%emt 0:02:10]} Rd8 {[%emt 0:02:55]} 46. Kb2 {[%emt 0:06:05]} Rc8 {[%emt 0:00:18]} 47. Rd2 {[%emt 0:00:56]} Bf5 {[%emt 0:00:23]} 48. a3 {[%emt 0:00:16]} Rc7 {[%emt 0:00:00]} 49. g3 {[%emt 0:02:13]} Rc8 {[%emt 0:05:39]} 50. Nf7 {[%emt 0:01:21]} Rc6 {[%emt 0:00:37]} 51. Ne5 {[%emt 0:00:19]} 1/2-1/2